| 000 | 00597cam a2200217 4500500 | ||
|---|---|---|---|
| 005 | 20260329003408.0 | ||
| 041 | _afre | ||
| 042 | _adc | ||
| 100 | 1 | 0 |
_aRogé, Antoine _eauthor |
| 245 | 0 | 0 | _aKing Crab mayo à la Hobbes |
| 260 | _c2015. | ||
| 500 | _a52 | ||
| 690 | _aCrabe | ||
| 690 | _aCuisine | ||
| 690 | _aHobbes | ||
| 690 | _aphilo | ||
| 690 | _aphilosophie | ||
| 690 | _aRecette | ||
| 786 | 0 | _nPhilosophie magazine | 91 | 8 | 2015-07-01 | p. 73-74 | 1951-1787 | |
| 856 | 4 | 1 | _uhttps://shs.cairn.info/magazine-philosophie-magazine-2015-8-page-73?lang=fr&redirect-ssocas=7080 |
| 999 |
_c1824225 _d1824225 |
||